| 000 | 00783nam a2200241 4500 | ||
|---|---|---|---|
| 003 | DO-SdBNP | ||
| 005 | 20180126092038.0 | ||
| 008 | 160311b 1989 ec xu||||| |||| 00| 0 spa d | ||
| 010 | _a10 | ||
| 020 | _a9978800514 | ||
| 040 |
_aBPMSU _bspa _cBPMSU |
||
| 100 | 1 |
_aShakespeare, William, _d1564-1616. |
|
| 245 | 1 | 0 |
_aHamlet principe de Dinamarca : _bla tragedia de Romeo y Julieta / _cWilliam Shakespeare ; estudio introductorio y notas de Juan Manuel Rodriguez. |
| 246 | 1 | 0 | _aLa tragedia de Romeo y Julieta. |
| 260 |
_aQuito : _bLibresa, _c1989. |
||
| 300 |
_a250 p. ; _c21 cm. |
||
| 490 | 1 |
_aAntares _v: 14 |
|
| 700 | 1 | 2 |
_aRodriguez, Juan Manuel, _eintrod. |
| 830 | 0 |
_aAntares _n19 |
|
| 942 |
_2ddc _cBK |
||
| 945 | _aInventariado, 2018/MFF | ||
| 956 |
_2LOPEREZ _310 _6BPMSU |
||
| 999 |
_c9201 _d9201 |
||